| 000 | 02537aam a2200373 i 4500 | ||
|---|---|---|---|
| 001 | 768714001 | ||
| 003 | CO-MdFUSB | ||
| 005 | 20231205155307.0 | ||
| 007 | ta | ||
| 008 | 230927t19961996flu||||g |||| 00| 0 spa d | ||
| 020 | _a0789902362 | ||
| 040 |
_aCO-MdFUSB _bspa _cCO-MdFUSB _dCO-MdFUSBC _erda |
||
| 041 | _aspa | ||
| 082 |
_223 _a227.8307 _bV152 |
||
| 100 |
_aValencia, Vidal, _eautor |
||
| 245 | 1 |
_aComentario bíblico del continente nuevo _b : primera Timoteo, segunda Timoteo, Tito _c/ Vidal Valencia |
|
| 250 | _aPrimera edición | ||
| 264 | 1 |
_aMiami, Florida : _bUnilit, _c[1996] |
|
| 264 | 4 | _c©1996 | |
| 300 |
_a239 páginas _c; 21 cm. |
||
| 336 |
_2rdacontent _atexto _btxt |
||
| 337 |
_2rdamedia _asin mediación _bn |
||
| 338 |
_2rdacarrier _avolumen _bnc |
||
| 505 | _aParte I. 1 Timoteo: I. Cuidado de la doctrina -- II. Cuidado de la Iglesia: El culto público -- III. Cuidado de la Iglesia: Sus oficiales -- IV. Cuidados del Pastor: Su ministerio -- V. Cuidado de la Iglesia: La disciplina VI. Cuidado de la Iglesia: Diferentes miembros -- Parte II. 2 Timoteo: I. Gratitud por la fe en Cristo -- II. Como ser buen testigo de Cristo -- III. Amor y gratitud al Pastor -- IV. Como triunfar sobre las penalidades -- V. El Pastor como maestro aprobado -- VI. Los hombres del futuro -- VII. La importancia de las escrituras -- VIII. Instrucciones para ejercer bien el ministerio --IX. Encargos y enseñanzas finales -- Parte III. Tito: I. Personajes principales de la epístola -- II. Características y propósito de los ancianos -- III. Los creyentes rebeldes deber ser reprendidos -- IV. Los cristianos y la doctrina -- V. La maravillosa gracia de Dios -- VI. Conducta del Cristianismo ante las autoridades -- VII. Imperativos y saludos finales. | ||
| 520 | _aEste comentario expositivo es material original en el idioma español. En los distintos párrafos bíblicos se han tomado las ideas y se les ha extraído el contenido esencial. No intenta, esta obra, aclarar toda duda o contestar toda pregunta que pueda tener el maestro, predicador o estudioso de la Biblia. Si se ha querido estimular al predicador y ayudarlo a aplicar y predicar el pasaje bíblico. | ||
| 563 | _aRústico | ||
| 630 | 0 | 7 |
_aBiblia. _pNuevo Testamento _xCrítica, interpretación, etc. |
| 630 | 0 | 7 |
_aBiblia. _pTimoteo, 1ª _xCrítica, interpretación, etc. |
| 630 | 0 | 7 |
_aBiblia. _pTimoteo, 2ª _xCrítica, interpretación, etc. |
| 630 | 0 | 7 |
_aBiblia. _pTito |
| 700 |
_98532 _aMirón, Jaime, _eeditor |
||
| 942 | _cBK | ||
| 945 | _asor1564 | ||
| 999 |
_c69070 _d69070 |
||